Najbolji srpski glumci - Statystyki

Ogólne statystyki
  • Ten quiz został rozwiązany 194 razy
  • Średni wynik to 14 z 50
Statystyki odpowiedzi
Pozicija Odpowiedź % Poprawnych
6 Velimir Zivojinovic
78%
10 Dragan Nikolic
74%
5 Miodrag Petrovic
67%
46 Nikola Kojo
65%
9 Danilo Stojkovic
59%
39 Dragan Bjelogrlic
59%
2 Pavle Vuisic
54%
50 Nebojsa Glogovac
50%
18 Ljubisa Samardzic
45%
24 Nikola Simic
45%
1 Zoran Radmilovic
42%
3 Aleksandar Bercek
40%
16 Bora Todorovic
40%
42 Milorad Mandic
40%
4 Mija Aleksic
38%
26 Voja Brajovic
38%
13 Dragomir Bojanic
37%
34 Bogdan Diklic
30%
40 Marko Nikolic
30%
8 Petar Kralj
30%
25 Milan Gutovic
29%
31 Srdjan Todorovic
29%
11 Tasko Nacic
29%
27 Slavko Stimac
22%
32 Danilo Lazovic
21%
35 Rados Bajic
19%
37 Zoran Cvijanovic
19%
7 Ljuba Tadic
17%
30 Zarko Lausevic
17%
33 Branimir Brstina
16%
15 Mihajlo Paskaljevic
16%
28 Predrag Manojlovic
16%
19 Vlastimir Stojiljkovic
14%
49 Mihailo Janketic
13%
47 Branislav Lecic
12%
43 Milenko Zablacanski
12%
36 Josif Tatic
11%
29 Jovan Janicijevic
10%
20 Lazar Ristovski
10%
44 Predrag Ejdus
10%
12 Stevo Zigon
10%
23 Petar Bozovic
9%
17 Rade Markovic
7%
38 Zivojin Milenkovic
7%
41 Vlasta Velisavljevic
6%
21 Bekim Fehmiju
5%
45 Ivan Bekjarev
5%
14 Milos Zutic
5%
48 Branko Cvejic
4%
22 Branko Plesa
3%
Nie znaleziono quizów pasujących do podanych kryteriów
Rozkład punktacji
Procent ludzi z każdym wynikiem
Percentyl według liczby udzielonych odpowiedzi
Twoja historia wyników
Nie rozwiązałeś tego quizu